The changing role of government : the reform of public services in developing countries /

Bibliographic Details
Main Author: Batley, Richard
Other Authors: Larbi, George A.
Format: Book
Language:English
Published: New York : Palgrave Macmillan, 2004.
Series:Role of government in adjusting economies.
Subjects:

MARC

Tag First Indicator Second Indicator Subfields
LEADER 00000cam a22000004a 4500
001 in00002004166
005 20151031123431.0
008 031217s2004 nyua b 001 0 eng
010 |a  2003069642 
020 |a 0333736176 (cloth) 
035 |a (OCoLC)ocm53971658 
040 |a DLC  |c DLC  |d TXA  |d UtOrBLW 
042 |a pcc 
043 |a d------ 
049 |a TXAM 
050 0 0 |a JF60  |b .B385 2004 
082 0 0 |a 351.172/4  |2 22 
100 1 |a Batley, Richard. 
245 1 4 |a The changing role of government :  |b the reform of public services in developing countries /  |c Richard Batley and George Larbi. 
264 1 |a New York :  |b Palgrave Macmillan,  |c 2004. 
300 |a xiii, 260 pages :  |b illustrations ;  |c 23 cm. 
336 |a text  |b txt  |2 rdacontent 
337 |a unmediated  |b n  |2 rdamedia 
338 |a volume  |b nc  |2 rdacarrier 
490 1 |a The role of government in adjusting economies 
504 |a Includes bibliographical references (pages 240-252) and index. 
650 0 |a Public administration  |z Developing countries. 
650 0 |a Municipal services  |z Developing countries. 
700 1 |a Larbi, George A. 
830 0 |a Role of government in adjusting economies. 
948 |a cataloged  |b h  |c 2004/10/15  |d c  |e dmitchel  |f 12:30:20 pm 
994 |a E0  |b TXA 
999 |a MARS 
999 f f |s 8321fd09-9b33-3a95-8f67-1c1faa7bb963  |i fe10ad3f-7687-3c2a-b872-8809d992db57  |t 0 
952 f f |p ric  |a Texas A&M University  |b Rellis Campus  |c Joint Library Facility  |d Remote Storage  |t 0  |e JF60 .B385 2004  |h Library of Congress classification  |i unmediated -- volume  |m A14831344696 
998 f f |a JF60 .B385 2004  |t 0  |l Remote Storage